| 000 | 00517nam a2200169 i 4500 | ||
|---|---|---|---|
| 001 | 83324 | ||
| 003 | ES-MaACL | ||
| 005 | 20230906174818.0 | ||
| 007 | t| | ||
| 008 | 041116s1973 sp ||||1| spa d | ||
| 245 | 0 | 0 |
_aSalarios segundo trimestre _b: año 1973 / _cInstituto Nacional de Estadística. |
| 260 |
_aMadrid : _b[s.n.], _c1973. |
||
| 300 |
_aXI, 73 p. ; _c24 cm. |
||
| 500 | _aEjemplar multicopista. | ||
| 710 | 2 |
_aInstituto Nacional de Estadística (España) _95162 |
|
| 852 |
_aES-MaACL _jE-4970 _bR.88930 |
||
| 999 |
_c83324 _d83324 |
||